Prepositions Quiz Stats

 Plays Quiz Updated Nov 9, 2016

Also try: Grammatical Terms
Challenge
Share
Tweet
Embed
Score 0/129 Timer 08:00
0 Plays Today
Preposition % Correct
a
95.7%
in
84.9%
on
77.6%
to
76.5%
under
71.5%
of
69.9%
an
67.4%
for
67%
over
65.4%
at
65%
above
60.8%
from
58.1%
out
57.3%
with
56.2%
up
54.5%
around
52.4%
by
52%
after
51.9%
before
51.3%
the
50.5%
as
49.8%
about
49.2%
below
49%
down
48.4%
into
46.2%
through
42.9%
between
41.4%
beside
40.8%
inside
40%
near
38.7%
behind
38.5%
without
38.3%
beneath
38%
outside
35.9%
onto
32.1%
toward
31.6%
within
31.3%
off
30.9%
along
30.1%
among
29.2%
next
28.9%
across
28.7%
but
28.2%
Preposition % Correct
against
27.3%
during
23.4%
like
23%
beyond
22.9%
upon
22.4%
underneath
22.3%
until
20.4%
re
19.9%
per
19.1%
atop
17.5%
towards
17.3%
amid
17%
throughout
16.5%
since
16.5%
ex
16.5%
unto
16.2%
betwixt
15.5%
round
15.2%
besides
14.8%
except
14.1%
aboard
14%
amongst
13.8%
than
13.6%
past
12.9%
fore
12.7%
amidst
11.9%
til
11.8%
alongside
11%
via
10.3%
pro
9.4%
regarding
8.9%
concerning
8.8%
plus
8.4%
anti
8.3%
mid
8.2%
till
7.9%
minus
7.8%
despite
7.6%
astride
7.5%
abaft
7.3%
opposite
7.1%
cross
7.1%
less
7%
Preposition % Correct
twixt
6.7%
upside
6.5%
ere
6.3%
circa
6.2%
following
6.2%
considering
6.2%
tween
6%
midst
5.8%
notwithstanding
5.7%
unless
5.7%
unlike
5.7%
save
5.7%
versus
5.7%
aloft
5.6%
sans
5.5%
times
5.3%
qua
5.3%
excepting
5.2%
bar
5%
absent
5%
given
4.7%
apropos
4.6%
chez
4.6%
contra
4.5%
après
4.3%
barring
4.1%
anent
3.9%
athwart
3.9%
respecting
3.8%
nigh
3.8%
worth
3.7%
vice
3.7%
astraddle
3.5%
malgre
3.5%
pace
3.4%
pending
3.4%
saving
3.4%
aslant
3.3%
modulo
3.2%
failing
3.2%
offshore
3.1%
touching
3%
wanting
2.8%

You're not logged in!

Compare scores with friends on all Sporcle quizzes.
Join for Free
OR
Log In

You Might Also Like...

Show Comments

Extras

Top Quizzes Today


Score Distribution

Your Account Isn't Verified!

In order to create a playlist on Sporcle, you need to verify the email address you used during registration. Go to your Sporcle Settings to finish the process.

Report this User

Report this user for behavior that violates our Community Guidelines.

Details: